Obálka
Pro půjčování e-knih musíte být přihlášeni.
Jak si půjčit online?

Léto mezi řádky /

Queer romance o lásce a nelehkých vztazích mezi dospívajícími.

Uloženo v:
Hlavní autor: Štraubová, Alena (Autor)
Médium: E-audiokniha
Jazyk:Czech
Vydáno: Praha : Fragment, 2023
Vydání:1. vydání
Témata:
Tagy:
Žádné tagy
LEADER 03917nam a2200889 i 4500
001 313430
003 CZ PrSKC
005 20260601215742.0
007 ta
008 230505s2023 xr d 000 f cze
015 |a cnb003516151 
020 |a 9788025362471  |q (brožováno) :  |c Kč 349,00 
035 |a (OCoLC)1389729040 
040 |a ABG001  |b cze  |e rda 
072 7 |a 821.162.3-3  |x Česká próza  |2 Konspekt 
072 7 |a 821-93  |x Literatura pro děti a mládež (beletrie)  |2 Konspekt 
080 |a 821.162.3-31  |2 MRF 
080 |a 821-93  |2 MRF 
080 |a (0:82-31)  |2 MRF 
100 1 |a Štraubová, Alena  |7 xx0300655  |4 aut 
245 1 0 |a Léto mezi řádky /  |c Alena Štraubová 
250 |a 1. vydání 
264 1 |a Praha :  |b Fragment,  |c 2023 
300 |a 227 stran ;  |c 21 cm 
336 |a text  |b txt  |2 rdacontent 
337 |a bez média  |b n  |2 rdamedia 
338 |a svazek  |b nc  |2 rdacarrier 
520 2 |a Queer romance o lásce a nelehkých vztazích mezi dospívajícími.  |b Osmnáctiletý Denis se svou přítelkyní Vendy odjíždí na celé léto do Španělska, kde má působit jako animátor. Ne že by to byl jeho styl - nejraději by prázdniny strávil doma s nosem zabořeným do knihy. Místo toho však začne prožívat vlastní příběh jako z románu. Členem animátorského týmu je i Vincent, chytrý, sebevědomý a pohledný bohém. Denise vytáčí naprosto vším, co udělá, zároveň ho ale nepochopitelně fascinuje. Nakladatelská anotace. Kráceno. 
521 8 |a Pro čtenáře od 14 let 
655 7 |a české romány  |7 fd133974  |2 czenas 
655 7 |a publikace pro mládež  |7 fd133157  |2 czenas 
655 9 |a Czech fiction  |2 eczenas 
655 9 |a juvenile literature  |2 eczenas 
900 |a ABA001  |b 19 
928 9 |a Albatros Media - Fragment 
044 |a xr 
505 0 0 |t Uvod (2 min., 47 sek.) 
505 0 0 |t 1. kapitola (13 min., 49 sek.) 
505 0 0 |t 2. kapitola (13 min., 51 sek.) 
505 0 0 |t 3. kapitola (13 min., 11 sek.) 
505 0 0 |t 4. kapitola (8 min., 56 sek.) 
505 0 0 |t 5. kapitola (16 min., 26 sek.) 
505 0 0 |t 6. kapitola (13 min., 25 sek.) 
505 0 0 |t 7. kapitola (14 min., 39 sek.) 
505 0 0 |t 8. kapitola (12 min., 27 sek.) 
505 0 0 |t 9. kapitola (12 min., 54 sek.) 
505 0 0 |t 10. kapitola (15 min., 19 sek.) 
505 0 0 |t 11. kapitola (10 min., 37 sek.) 
505 0 0 |t 12. kapitola (13 min., 56 sek.) 
505 0 0 |t 13. kapitola (19 min., 5 sek.) 
505 0 0 |t 14. kapitola (14 min., 16 sek.) 
505 0 0 |t 15. kapitola (16 min., 28 sek.) 
505 0 0 |t 16. kapitola (11 min., 17 sek.) 
505 0 0 |t 17. kapitola (20 min., 17 sek.) 
505 0 0 |t 18. kapitola (15 min., 31 sek.) 
505 0 0 |t 19. kapitola (15 min., 49 sek.) 
505 0 0 |t 20. kapitola (11 min., 46 sek.) 
505 0 0 |t 21. kapitola (20 min., 17 sek.) 
505 0 0 |t 22. kapitola (8 min., 8 sek.) 
505 0 0 |t 23. kapitola (15 min., 15 sek.) 
505 0 0 |t 24. kapitola (12 min., 46 sek.) 
505 0 0 |t 25. kapitola (17 min., 27 sek.) 
505 0 0 |t 26. kapitola (26 min., 14 sek.) 
505 0 0 |t 27. kapitola (4 min., 19 sek.) 
505 0 0 |t 28. kapitola (9 min., 24 sek.) 
505 0 0 |t 29. kapitola (8 min., 57 sek.) 
505 0 0 |t 30. kapitola (15 min., 21 sek.) 
505 0 0 |t 31. kapitola (10 min., 44 sek.) 
505 0 0 |t 32. kapitola (11 min., 20 sek.) 
505 0 0 |t 33. kapitola (9 min., 26 sek.) 
505 0 0 |t 34. kapitola (9 min., 58 sek.) 
505 0 0 |t 35. kapitola (14 min., 30 sek.) 
505 0 0 |t 36. kapitola (26 min., 50 sek.) 
505 0 0 |t Epilog (3 min., 22 sek.) 
910 |a RBIT002 
998 |d 420439  |a https://core.palmknihy.cz/api/books/420439/cover?sway7s  |b https://core.palmknihy.cz/api/books/420439/cover/400?sway7s  |c https://core.palmknihy.cz/api/books/420439/cover/50?sway7s  |e 2033-12-31  |i 9788025362471  |l 30720  |q 49  |r 1  |s https://www.palmknihy.cz/kniha/420439  |t audiobook  |y 2025  |z 0 
999 |d 313428